000
00252nam a2200109Ia 4500
005
20251222141807.0
008
251222s9999||||xx |||||||||||||| ||spa||
082
_a
920/B5/16
100
_a
"Rivera Serna, Raél"
245
0
_a
Agustín Gamarra
942
_c
LIB
999
_c
6340
_d
6340